[Event "Silkway Cup"]
[Site "T#646345FIDE"]
[Date "2020.05.28"]
[Round "14"]
[White "Atesh"]
[Black "Niadongh"]
[Result "1-0"]
[WhiteElo "1739"]
[BlackElo "1512"]
[Annotator "NA"]
[PlyCount "121"]
[EventDate "2020.05.28"]
[EventType "swiss (blitz)"]

1. Nf3 {[%emt 0:00:03]} c5 {[%emt 0:00:02]} 2. c4 {[%emt 0:00:02]} Nc6 {[%emt 0:00:02]} 3. Nc3 {[%emt 0:00:01]} g6 {[%emt 0:00:01]} 4. e3 {[%emt 0:00:02]} Bg7 {[%emt 0:00:01]} 5. d4 {[%emt 0:00:00]} cxd4 {[%emt 0:00:01]} 6. exd4 {[%emt 0:00:01]} d6 {[%emt 0:00:34]} 7. Be2 {[%emt 0:00:02]} Nf6 {[%emt 0:00:03]} 8. d5 {[%emt 0:00:03]} Nb8 {[%emt 0:00:04]} 9. Nd4 {[%emt 0:00:04]} O-O {[%emt 0:00:02]} 10. O-O {[%emt 0:00:01]} Nbd7 {[%emt 0:00:01]} 11. Re1 {[%emt 0:00:05]} a6 {[%emt 0:00:00]} 12. Bf1 {[%emt 0:00:02]} Ne5 {[%emt 0:00:09]} 13. h3 {[%emt 0:00:03]} Qc7 {[%emt 0:00:04]} 14. b3 {[%emt 0:00:03]} b5 {[%emt 0:00:07]} 15. f4 {[%emt 0:00:12]} Ned7 {[%emt 0:00:13]} 16. Rxe7 {[%emt 0:00:07]} Nh5 {[%emt 0:00:36]} 17. Be3 {[%emt 0:01:07]} Bf6 {[%emt 0:00:20]} 18. Re4 {[%emt 0:00:02]} Nc5 {[%emt 0:00:04]} 19. Rc1 {[%emt 0:00:04]} b4 {[%emt 0:00:04]} 20. Nc6 {[%emt 0:00:17]} bxc3 {[%emt 0:00:15]} 21. Bxc5 {[%emt 0:00:01]} dxc5 {[%emt 0:00:01]} 22. Qf3 {[%emt 0:00:22]} Bb7 {[%emt 0:00:11]} 23. g4 {[%emt 0:00:08]} Bxc6 {[%emt 0:00:07]} 24. gxh5 {[%emt 0:00:21]} Bxd5 {[%emt 0:00:10]} 25. cxd5 {[%emt 0:00:03]} Bg7 {[%emt 0:00:08]} 26. Bc4 {[%emt 0:00:06]} Rad8 {[%emt 0:00:07]} 27. hxg6 {[%emt 0:00:02]} hxg6 {[%emt 0:00:02]} 28. Kg2 {[%emt 0:00:03]} Qd6 {[%emt 0:00:02]} 29. h4 {[%emt 0:00:02]} Rfe8 {[%emt 0:00:09]} 30. Rce1 {[%emt 0:00:09]} Rxe4 {[%emt 0:00:09]} 31. Qxe4 {[%emt 0:00:01]} Qf6 {[%emt 0:00:05]} 32. Kg3 {[%emt 0:00:02]} Qd4 {[%emt 0:00:05]} 33. Qxd4 {[%emt 0:00:10]} cxd4 {[%emt 0:00:01]} 34. Kf3 {[%emt 0:00:03]} a5 {[%emt 0:00:02]} 35. Rc1 {[%emt 0:00:04]} Bf6 {[%emt 0:00:01]} 36. Bb5 {[%emt 0:00:07]} Bxh4 {[%emt 0:00:02]} 37. Ke4 {[%emt 0:00:01]} Bf6 {[%emt 0:00:00]} 38. Bc6 {[%emt 0:00:02]} Kg7 {[%emt 0:00:01]} 39. Kd3 {[%emt 0:00:02]} Kf8 {[%emt 0:00:01]} 40. a3 {[%emt 0:00:01]} Ke7 {[%emt 0:00:01]} 41. b4 {[%emt 0:00:01]} axb4 {[%emt 0:00:02]} 42. axb4 {[%emt 0:00:00]} Kd6 {[%emt 0:00:01]} 43. b5 {[%emt 0:00:01]} g5 {[%emt 0:00:06]} 44. fxg5 {[%emt 0:00:02]} Bxg5 {[%emt 0:00:01]} 45. Rf1 {[%emt 0:00:01]} Be3 {[%emt 0:00:03]} 46. b6 {[%emt 0:00:02]} Rf8 {[%emt 0:00:09]} 47. Rf6+ {[%emt 0:00:03]} Ke7 {[%emt 0:00:02]} 48. Rf1 {[%emt 0:00:01]} Kd6 {[%emt 0:00:01]} 49. Ra1 {[%emt 0:00:02]} f5 {[%emt 0:00:01]} 50. b7 {[%emt 0:00:01]} Kc7 {[%emt 0:00:01]} 51. Ra8 {[%emt 0:00:02]} Rb8 {[%emt 0:00:02]} 52. d6+ {[%emt 0:00:02]} Kxc6 {[%emt 0:00:04]} 53. Rxb8 {[%emt 0:00:01]} f4 {[%emt 0:00:02]} 54. d7 {[%emt 0:00:03]} Kxd7 {[%emt 0:00:01]} 55. Rf8 {[%emt 0:00:02]} f3 {[%emt 0:00:03]} 56. b8=Q {[%emt 0:00:02]} f2 {[%emt 0:00:01]} 57. Qb5+ {[%emt 0:00:03]} Ke6 {[%emt 0:00:03]} 58. Qf5+ {[%emt 0:00:01]} Kd6 {[%emt 0:00:01]} 59. Rf6+ {[%emt 0:00:01]} Kc7 {[%emt 0:00:02]} 60. Qh7+ {[%emt 0:00:03]} Kb8 {[%emt 0:00:02]} 61. Rf8# {[%emt 0:00:01] (Lag: Av=0.36s, max=1.1s)} 1-0

[Event "Silkway Cup"]
[Site "T#646345FIDE"]
[Date "2020.05.28"]
[Round "14"]
[White "Powerstrong"]
[Black "S-melia"]
[Result "0-1"]
[WhiteElo "1715"]
[BlackElo "1683"]
[Annotator "NA"]
[PlyCount "46"]
[EventDate "2020.05.28"]
[EventType "swiss (blitz)"]

1. e4 {[%emt 0:00:01]} c5 {[%emt 0:00:02]} 2. Nf3 {[%emt 0:00:01]} Nc6 {[%emt 0:00:01]} 3. d4 {[%emt 0:00:00]} cxd4 {[%emt 0:00:01]} 4. Nxd4 {[%emt 0:00:00]} Nf6 {[%emt 0:00:01]} 5. Nc3 {[%emt 0:00:01]} e5 {[%emt 0:00:00]} 6. Ndb5 {[%emt 0:00:01]} d6 {[%emt 0:00:00]} 7. Bg5 {[%emt 0:00:01]} a6 {[%emt 0:00:00]} 8. Na3 {[%emt 0:00:01]} b5 {[%emt 0:00:00]} 9. Bxf6 {[%emt 0:00:02]} gxf6 {[%emt 0:00:01]} 10. Nd5 {[%emt 0:00:01]} Bg7 {[%emt 0:00:02]} 11. c3 {[%emt 0:00:16]} f5 {[%emt 0:00:05]} 12. exf5 {[%emt 0:00:03]} Bxf5 {[%emt 0:00:02]} 13. Nc2 {[%emt 0:00:01]} Be6 {[%emt 0:00:02]} 14. Nce3 {[%emt 0:00:01]} O-O {[%emt 0:00:01]} 15. Qh5 {[%emt 0:00:29]} f5 {[%emt 0:00:07]} 16. O-O-O {[%emt 0:00:02]} Rc8 {[%emt 0:00:08]} 17. g4 {[%emt 0:00:05]} Ne7 {[%emt 0:01:41]} 18. gxf5 {[%emt 0:00:56]} Bxd5 {[%emt 0:00:39]} 19. Nxd5 {[%emt 0:00:21]} Nxd5 {[%emt 0:00:02]} 20. Rxd5 {[%emt 0:00:02]} Kh8 {[%emt 0:00:02]} 21. Bd3 {[%emt 0:00:21]} Qf6 {[%emt 0:00:01]} 22. Rg1 {[%emt 0:00:56]} e4 {[%emt 0:00:03]} 23. Bxe4 {[%emt 0:00:01]} Rfe8 {[%emt 0:00:33] Âðåìÿ (Lag: Av=0.43s, max=1.2s)} 0-1

[Event "Silkway Cup"]
[Site "T#646345FIDE"]
[Date "2020.05.28"]
[Round "14"]
[White "Ninullia"]
[Black "Ulka96"]
[Result "1-0"]
[WhiteElo "1673"]
[BlackElo "1745"]
[Annotator "NA"]
[PlyCount "57"]
[EventDate "2020.05.28"]
[EventType "swiss (blitz)"]

1. d4 {[%emt 0:00:03]} Nf6 {[%emt 0:00:03]} 2. c4 {[%emt 0:00:02]} e6 {[%emt 0:00:02]} 3. Nf3 {[%emt 0:00:01]} Be7 {[%emt 0:00:04]} 4. Nc3 {[%emt 0:00:04]} d5 {[%emt 0:00:13]} 5. e3 {[%emt 0:00:04]} O-O {[%emt 0:00:03]} 6. Bd3 {[%emt 0:00:02]} c5 {[%emt 0:00:04]} 7. cxd5 {[%emt 0:00:16]} exd5 {[%emt 0:00:01]} 8. h3 {[%emt 0:00:10]} Nc6 {[%emt 0:00:04]} 9. O-O {[%emt 0:00:04]} h6 {[%emt 0:00:29]} 10. dxc5 {[%emt 0:00:04]} Bxc5 {[%emt 0:00:02]} 11. b3 {[%emt 0:00:05]} Qe7 {[%emt 0:00:15]} 12. Bb2 {[%emt 0:00:10]} Rd8 {[%emt 0:00:21]} 13. Ne2 {[%emt 0:00:11]} Ne4 {[%emt 0:00:08]} 14. Rc1 {[%emt 0:00:08]} Bb6 {[%emt 0:00:09]} 15. Ned4 {[%emt 0:00:17]} Bd7 {[%emt 0:00:24]} 16. Qe2 {[%emt 0:00:18]} Rac8 {[%emt 0:00:03]} 17. Bb1 {[%emt 0:00:10]} a6 {[%emt 0:00:05]} 18. Rfd1 {[%emt 0:00:06]} Bc7 {[%emt 0:00:16]} 19. Nxc6 {[%emt 0:00:23]} Bxc6 {[%emt 0:00:03]} 20. Nd4 {[%emt 0:00:03]} Qd6 {[%emt 0:00:10]} 21. f4 {[%emt 0:00:10]} Qe7 {[%emt 0:00:06]} 22. Nf5 {[%emt 0:00:16]} Qe6 {[%emt 0:00:07]} 23. Qg4 {[%emt 0:00:05]} g6 {[%emt 0:00:15]} 24. Nxh6+ {[%emt 0:00:01]} Kf8 {[%emt 0:00:03]} 25. Qh4 {[%emt 0:00:17]} Nd6 {[%emt 0:00:09]} 26. Ng4 {[%emt 0:00:03]} Nf5 {[%emt 0:00:01]} 27. Qh7 {[%emt 0:00:06]} Ke8 {[%emt 0:00:11]} 28. Nf6+ {[%emt 0:00:02]} Ke7 {[%emt 0:00:01]} 29. Ng4 {[%emt 0:00:02] Time (Lag: Av=1.30s, max=1.9s) '} 1-0

[Event "Silkway Cup"]
[Site "T#646345FIDE"]
[Date "2020.05.28"]
[Round "14"]
[White "elene tsotsonava"]
[Black "Sandrika"]
[Result "1/2-1/2"]
[WhiteElo "1654"]
[BlackElo "1637"]
[Annotator "NA"]
[PlyCount "99"]
[EventDate "2020.05.28"]
[EventType "swiss (blitz)"]

1. e4 {[%emt 0:00:01]} c5 {[%emt 0:00:02]} 2. Nf3 {[%emt 0:00:02]} Nc6 {[%emt 0:00:02]} 3. d4 {[%emt 0:00:00]} cxd4 {[%emt 0:00:01]} 4. Nxd4 {[%emt 0:00:00]} g6 {[%emt 0:00:02]} 5. c4 {[%emt 0:00:02]} d6 {[%emt 0:00:03]} 6. Nc3 {[%emt 0:00:03]} Nxd4 {[%emt 0:00:02]} 7. Qxd4 {[%emt 0:00:01]} Nf6 {[%emt 0:00:00]} 8. Be3 {[%emt 0:00:03]} Bg7 {[%emt 0:00:01]} 9. Be2 {[%emt 0:00:02]} O-O {[%emt 0:00:01]} 10. Qd1 {[%emt 0:00:22]} Be6 {[%emt 0:00:04]} 11. Rc1 {[%emt 0:00:04]} Qa5 {[%emt 0:00:17]} 12. O-O {[%emt 0:00:06]} Rfc8 {[%emt 0:00:06]} 13. b3 {[%emt 0:00:09]} a6 {[%emt 0:00:15]} 14. f3 {[%emt 0:00:06]} b5 {[%emt 0:00:06]} 15. Nd5 {[%emt 0:00:35]} Bxd5 {[%emt 0:00:12]} 16. cxd5 {[%emt 0:00:05]} Nd7 {[%emt 0:00:40]} 17. f4 {[%emt 0:00:20]} Qxa2 {[%emt 0:00:05]} 18. Rxc8+ {[%emt 0:00:07]} Rxc8 {[%emt 0:00:02]} 19. Bg4 {[%emt 0:00:02]} Rc7 {[%emt 0:00:10]} 20. Bxd7 {[%emt 0:00:25]} Rxd7 {[%emt 0:00:01]} 21. Qc1 {[%emt 0:00:02]} Qa5 {[%emt 0:00:14]} 22. b4 {[%emt 0:00:13]} Qd8 {[%emt 0:00:04]} 23. Qc6 {[%emt 0:00:06]} Rc7 {[%emt 0:00:18]} 24. Qxa6 {[%emt 0:00:01]} Rc3 {[%emt 0:00:07]} 25. Bb6 {[%emt 0:00:06]} Qc8 {[%emt 0:00:02]} 26. Qxb5 {[%emt 0:00:03]} h5 {[%emt 0:00:08]} 27. Bf2 {[%emt 0:00:16]} Rc2 {[%emt 0:00:06]} 28. Qa4 {[%emt 0:00:07]} Rc4 {[%emt 0:00:02]} 29. Re1 {[%emt 0:00:11]} Kh7 {[%emt 0:00:04]} 30. Qa7 {[%emt 0:00:08]} Rc1 {[%emt 0:00:07]} 31. Qe3 {[%emt 0:00:06]} Rc4 {[%emt 0:00:05]} 32. b5 {[%emt 0:00:01]} Qb7 {[%emt 0:00:03]} 33. b6 {[%emt 0:00:01]} Bd4 {[%emt 0:00:02]} 34. Qe2 {[%emt 0:00:06]} Bxf2+ {[%emt 0:00:05]} 35. Qxf2 {[%emt 0:00:01]} Rb4 {[%emt 0:00:01]} 36. f5 {[%emt 0:00:03]} Qxb6 {[%emt 0:00:05]} 37. fxg6+ {[%emt 0:00:01]} fxg6 {[%emt 0:00:01]} 38. Qxb6 {[%emt 0:00:04]} Rxb6 {[%emt 0:00:01]} 39. Kf2 {[%emt 0:00:00]} Kg7 {[%emt 0:00:01]} 40. e5 {[%emt 0:00:02]} Rb2+ {[%emt 0:00:02]} 41. Kf3 {[%emt 0:00:01]} Kf7 {[%emt 0:00:04]} 42. exd6 {[%emt 0:00:02]} exd6 {[%emt 0:00:01]} 43. Re6 {[%emt 0:00:01]} Rb3+ {[%emt 0:00:03]} 44. Kf4 {[%emt 0:00:01]} Rb2 {[%emt 0:00:01]} 45. Kg3 {[%emt 0:00:01]} Rb3+ {[%emt 0:00:03]} 46. Kf4 {[%emt 0:00:02]} Rb2 {[%emt 0:00:01]} 47. Kf3 {[%emt 0:00:08]} Rb3+ {[%emt 0:00:03]} 48. Kf2 {[%emt 0:00:05]} Rb2+ {[%emt 0:00:02]} 49. Kg3 {[%emt 0:00:01]} Rb3+ {[%emt 0:00:02]} 50. Kf4 {[%emt 0:00:02] (Lag: Av=0.54s, max=3.3s)} 1/2-1/2

[Event "Silkway Cup"]
[Site "T#646345FIDE"]
[Date "2020.05.28"]
[Round "14"]
[White "Diana lomaia"]
[Black "Ati1517"]
[Result "0-1"]
[WhiteElo "1495"]
[BlackElo "1610"]
[Annotator "NA"]
[PlyCount "100"]
[EventDate "2020.05.28"]
[EventType "swiss (blitz)"]

1. d4 {[%emt 0:00:02]} d5 {[%emt 0:00:07]} 2. c4 {[%emt 0:00:01]} e6 {[%emt 0:00:02]} 3. Nf3 {[%emt 0:00:01]} Nf6 {[%emt 0:00:02]} 4. g3 {[%emt 0:00:01]} c6 {[%emt 0:00:07]} 5. Bg2 {[%emt 0:00:02]} Bd6 {[%emt 0:00:01]} 6. Qc2 {[%emt 0:00:04]} O-O {[%emt 0:00:02]} 7. O-O {[%emt 0:00:01]} Nbd7 {[%emt 0:00:01]} 8. Nbd2 {[%emt 0:00:18]} Qe7 {[%emt 0:00:03]} 9. e4 {[%emt 0:00:05]} dxe4 {[%emt 0:00:02]} 10. Nxe4 {[%emt 0:00:01]} Nxe4 {[%emt 0:00:03]} 11. Qxe4 {[%emt 0:00:01]} e5 {[%emt 0:00:17]} 12. dxe5 {[%emt 0:00:29]} Nxe5 {[%emt 0:00:04]} 13. Nxe5 {[%emt 0:00:02]} Qxe5 {[%emt 0:00:04]} 14. Re1 {[%emt 0:00:04]} Qxe4 {[%emt 0:00:05]} 15. Bxe4 {[%emt 0:00:01]} Be6 {[%emt 0:00:03]} 16. b3 {[%emt 0:00:21]} Bb4 {[%emt 0:00:05]} 17. Re2 {[%emt 0:00:06]} Rfe8 {[%emt 0:00:10]} 18. Bf4 {[%emt 0:00:25]} Bg4 {[%emt 0:00:13]} 19. f3 {[%emt 0:00:10]} Bf5 {[%emt 0:00:27]} 20. Kf2 {[%emt 0:00:12]} Bxe4 {[%emt 0:00:04]} 21. Rxe4 {[%emt 0:00:10]} f5 {[%emt 0:00:05]} 22. Rxe8+ {[%emt 0:00:18]} Rxe8 {[%emt 0:00:02]} 23. Rd1 {[%emt 0:00:07]} Bc5+ {[%emt 0:00:05]} 24. Kf1 {[%emt 0:00:01]} h6 {[%emt 0:00:03]} 25. Bd6 {[%emt 0:00:12]} Rd8 {[%emt 0:00:07]} 26. b4 {[%emt 0:00:15]} Rxd6 {[%emt 0:00:07]} 27. Rb1 {[%emt 0:00:13]} Be3 {[%emt 0:00:03]} 28. Re1 {[%emt 0:00:03]} f4 {[%emt 0:00:03]} 29. gxf4 {[%emt 0:00:03]} Bxf4 {[%emt 0:00:01]} 30. Re4 {[%emt 0:00:01]} g5 {[%emt 0:00:11]} 31. h4 {[%emt 0:00:03]} Rd1+ {[%emt 0:00:02]} 32. Kg2 {[%emt 0:00:03]} Rd2+ {[%emt 0:00:02]} 33. Kf1 {[%emt 0:00:01]} Rxa2 {[%emt 0:00:02]} 34. hxg5 {[%emt 0:00:01]} hxg5 {[%emt 0:00:03]} 35. Re7 {[%emt 0:00:01]} b6 {[%emt 0:00:04]} 36. Re6 {[%emt 0:00:03]} c5 {[%emt 0:00:03]} 37. bxc5 {[%emt 0:00:04]} bxc5 {[%emt 0:00:01]} 38. Rc6 {[%emt 0:00:01]} a5 {[%emt 0:00:04]} 39. Rxc5 {[%emt 0:00:02]} a4 {[%emt 0:00:01]} 40. Ra5 {[%emt 0:00:01]} a3 {[%emt 0:00:01]} 41. c5 {[%emt 0:00:02]} Kf7 {[%emt 0:00:02]} 42. c6 {[%emt 0:00:01]} Ke6 {[%emt 0:00:01]} 43. Ra7 {[%emt 0:00:03]} Ra1+ {[%emt 0:00:06]} 44. Kg2 {[%emt 0:00:02]} a2 {[%emt 0:00:05]} 45. c7 {[%emt 0:00:03]} Bxc7 {[%emt 0:00:04]} 46. Rxc7 {[%emt 0:00:04]} Rb1 {[%emt 0:00:07]} 47. Rc6+ {[%emt 0:00:02]} Kd5 {[%emt 0:00:02]} 48. Ra6 {[%emt 0:00:02]} a1=Q {[%emt 0:00:01]} 49. Rxa1 {[%emt 0:00:01]} Rxa1 {[%emt 0:00:01]} 50. Kh3 {[%emt 0:00:02]} Ra4 {[%emt 0:00:01] Diana lomaia resigns (Lag: Av=1.32s, max=2.2s)} 0-1

[Event "Silkway Cup"]
[Site "T#646345FIDE"]
[Date "2020.05.28"]
[Round "15"]
[White "GGuseinov"]
[Black "Kutiktau"]
[Result "0-1"]
[WhiteElo "2831"]
[BlackElo "2644"]
[Annotator "TA"]
[PlyCount "140"]
[EventDate "2020.05.28"]
[EventType "swiss (blitz)"]

{[%evp 30,140,35,12,27,0,0,-21,32,0,0,0,0,0,0,-147,-139,-324,-328,-327,-320,-331,-308,-325,-318,-393,-354,-428,-361,-403,-351,-356,-352,-341,-349,-433,-452,-485,-475,-475,-509,-458,-366,-364,-355,-516,-495,-708,-537,-522,-537,-518,-530,-508,-511,-573,-559,-638,-622,-575,-560,-1204,-979,-868,-723,-1706,-1229,-4112,-1581,-29969,-29969,-29965,-10572,-29971,-4149,-29968,-3224,-29971,-11881,-29974,-29975,-29975,-29976,-29975,-29976,-29971,-11881,-29973,-29974,-29973,-29973,-29973,-29973,-29972,-4149,-4149,-4149,-4149,-4149,-4148,-4148,-29984,-29985,-29985,-29986,-29986,-29987,-29991,-29992,-29992,-29993,-29994,-29995]} 1. e4 c6 2. d4 d5 3. Nd2 dxe4 4. Nxe4 Bf5 5. Ng3 Bg6 6. h4 h6 7. Nf3 Nd7 8. h5 Bh7 9. Bd3 Bxd3 10. Qxd3 e6 11. Bd2 Qc7 12. O-O-O O-O-O 13. Ne4 Ngf6 14. g3 Nxe4 15. Qxe4 Bd6 16. c4 Nf6 {B19: Classical Caro-Kann: 4...Bf5 main line.} 17. Qc2 (17. Qe2 $5 {[%cal Rc4c5]}) 17... c5 18. Kb1 cxd4 (18... Qc6 $11 19. d5 exd5) 19. Nxd4 a6 20. Nb3 Qc6 21. Rh4 {[#]} Bc7 $146 ({Predecessor:} 21... Bc5 22. Rf1 Rd7 23. Nxc5 Qxc5 24. Be3 Qc6 25. Rc1 Rhd8 26. a3 e5 27. Qf5 Re8 {0-1 (58) Meertens,M (2146)-Schroeder,W (2199) Bayerisch Eisenstein 2018}) 22. Na5 (22. Nd4 $11 {remains equal.} Qd6 23. a3) 22... Qf3 $17 {Threatens to win with ...Bxa5.} 23. Rhh1 $2 {[#]} (23. Nb3 $17) 23... Rxd2 $1 $19 {[%mdl 576] Clearance} 24. Qxd2 {Threatening Nb3.} Rd8 25. Qc2 {Black should prevent Nb3.} Rxd1+ 26. Rxd1 Bxa5 27. Qa4 Bc7 28. a3 Qxh5 29. Ka2 Qf3 30. Rd2 Qc6 31. Qb4 Qe8 32. f4 Ne4 {White must now prevent ...a5.} 33. Rd3 h5 34. Rb3 b6 35. Re3 Nc5 36. Qc3 g6 37. Qf6 (37. b4 $142 Nb7 38. Kb3) 37... Qd7 38. Rf3 (38. Qc3 $142 f5 39. Qf6) 38... Kb7 {Hoping for ...Ne4.} 39. Qc3 a5 40. Rf1 Qd3 41. Qxd3 Nxd3 42. Rd1 Nc5 43. b4 axb4 44. axb4 Ne4 {aiming for ...Nc3+.} 45. Rd7 Nxg3 46. Rxf7 Nf5 47. Rf6 h4 48. Rxg6 h3 (48... Bxf4 $142 49. Rxe6 h3) 49. Rxe6 h2 50. Re1 Bxf4 (50... Kc6 $142 51. Kb3 Bxf4 52. b5+ Kc7 53. Rh1 Nd6 54. Kc3 Ne4+ 55. Kd4 Nf2 56. Rxh2 Bxh2 57. c5 Bf4 58. Kc4 Be3 59. cxb6+ Bxb6 60. Kc3 Be3 61. Kb4 Kb6 62. Kc4 Bd2 63. Kd5 Kxb5 64. Kd4 Bf4 65. Kd5 Bg5 66. Ke5 Kc5 67. Kf5 Bd2 68. Ke6 Bf4 69. Ke7 Bg3 70. Kf6 Kd6 71. Kg6 Ke6 72. Kg7 Be5+ 73. Kf8 Ne4 74. Ke8 Bf6 75. Kf8 Ng3 76. Ke8 Nf5 77. Kf8 Be7+ 78. Kg8 Kf6 79. Kh7 Kf7 80. Kh8 Kg6 81. Kg8 Nh6+ 82. Kh8 Bf6#) 51. Rh1 Nd4 (51... Ne3 $142 52. Kb3 Ng4 53. Re1 Nf2 54. Kc3 h1=Q 55. Rxh1 Nxh1 56. Kd3 Ng3 57. Kc2 Bd6 58. c5 bxc5 59. bxc5 Bxc5 60. Kd3 Bf2 61. Kc3 Be3 62. Kc2 Kb6 63. Kd3 Bc5 64. Kd2 Kc6 65. Kd1 Be3 66. Ke1 Kb5 67. Kd1 Kc6 68. Ke1 Kd6 69. Kd1 Kd5 70. Ke1 Ke4 71. Kd1 Kd3 72. Ke1 Bd4 73. Kd1 Bc3 74. Kc1 Nf1 75. Kb1 Kc4 76. Kc1 Ne3 77. Kb1 Kb3 78. Kc1 Be1 79. Kb1 Bd2 80. Ka1 Nc2+ 81. Kb1 Na3+ 82. Ka1 Bc3#) 52. Ka3 Kc6 (52... Nc2+ $142 53. Kb2 Ne3 54. Kc3 Ng4 55. Kd4 Nf2 56. Rf1 h1=Q 57. Rxh1 Nxh1 58. Kd3 Ng3 59. Kc2 Bg5 60. Kd3 Kc7 61. Kc2 Be7 62. Kb3 Ne4 63. c5 b5 64. Kb2 {[#]} Nxc5 $1 {[%mdl 512]} 65. Kc3 Na6 66. Kd3 Bxb4 67. Kd4 Ba3 68. Kc3 b4+ 69. Kb3 Nc5+ 70. Kc2 b3+ 71. Kd2 Kd6 72. Kd1 b2 73. Kc2 Kd5 74. Kd2 b1=Q 75. Ke2 Ne4 76. Kf3 Qd3+ 77. Kg2 Qg3+ 78. Kh1 Nf2#) 53. Ka4 Bg3 54. Ka3 Nc2+ 55. Ka4 Ne3 56. Kb3 Ng4 57. b5+ Kc7 58. Rc1 Bf2 59. Ra1 Kb8 60. Rd1 Kc8 61. Ra1 Nh6 (61... Bd4 $142 62. Rh1 Bg1 63. Kc2 Nf2 64. Rxh2 Bxh2 65. Kd2 Ne4+ 66. Ke3 Nf6 67. Kd2 Bf4+ 68. Ke2 Be5 69. Kd2 Kd7 70. Kd3 Kd6 71. Kc2 Kc5 72. Kd3 Bd4 73. Kd2 Kxc4 74. Ke2 Kxb5 75. Kd3 Kc5 76. Ke2 b5 77. Kd1 b4 78. Kc2 Kc4 79. Kd1 b3 80. Kd2 b2 81. Kc2 Ne4 82. Kb1 Kc3 83. Ka2 Nd2 84. Ka3 b1=Q 85. Ka4 Qb4#) 62. Rh1 Bg1 63. c5 bxc5 64. Kc4 Ng4 65. Kd5 Kb7 {Black mates.} 66. Kc4 Kb6 67. Kd3 Nf2+ {[%mdl 64] Double Attack} 68. Ke2 Nxh1 69. Kf3 Nf2 70. Kg2 h1=Q+ {White got outplayed after the opening. Accuracy: White = 39%, Black = 78%.} 0-1

[Event "Silkway Cup"]
[Site "T#646345FIDE"]
[Date "2020.05.28"]
[Round "15"]
[White "Oligarkh"]
[Black "SuleymanliAydin1"]
[Result "1/2-1/2"]
[WhiteElo "2705"]
[BlackElo "2294"]
[Annotator "TA"]
[PlyCount "117"]
[EventDate "2020.05.28"]
[EventType "swiss (blitz)"]

{[%evp 9,117,15,27,13,5,12,11,-2,-9,-12,0,-12,9,14,8,25,35,32,47,20,6,14,13,12,209,211,180,143,273,259,269,263,261,259,336,329,300,285,321,341,316,324,399,398,444,443,437,455,444,435,540,539,643,548,521,174,159,173,170,163,158,-53,-17,-17,-17,-17,-17,-17,-17,-17,-17,-17,-17,-17,-17,-17,-17,-235,0,-489,0,0,0,0,0,-8,-8,-8,-8,-8,-8,-8,0,0,0,0,0,-8,-8,-8,-8,-8,-8,-8,-8,-8,8,8,8,8]} 1. d4 d5 2. c4 e6 3. Nc3 Be7 4. Bf4 Nf6 5. e3 O-O 6. a3 {D35: Queen's Gambit Declined: Exchange Variation.} b6 7. Nb5 Na6 8. Rc1 c6 9. Nc3 c5 10. Nf3 Bb7 11. cxd5 Nxd5 12. Nxd5 {[#]} Qxd5 $146 ({Predecessor:} 12... exd5 13. dxc5 Nxc5 14. Be5 Bf6 15. Bd4 Ne6 16. Be2 Nxd4 17. Nxd4 Rc8 18. O-O Rxc1 19. Qxc1 {½-½ (26) Ju,W (2557)-Pogonina,N (2456) Sochi 2015}) 13. Bc4 $36 {[%mdl 2048] White is pushing.} Qh5 14. O-O cxd4 15. Nxd4 Qxd1 16. Rfxd1 {White wants to play Nxe6.} Nc5 $2 (16... Bf6 $11) 17. b4 $18 Ne4 18. f3 Nf6 {[#]} (18... g5 $16 {might work better.}) 19. Nxe6 $1 {[%mdl 512]} fxe6 20. Bxe6+ Kh8 21. Rc7 $1 {[%csl LRb7,LRe7][%mdl 64] Double Attack} Bxb4 22. axb4 Bc8 23. Ba2 Bf5 24. e4 Bg6 {intending ...Ne8.} 25. Be5 a5 26. b5 Rad8 27. Rxd8 Rxd8 28. Bc4 h5 29. Rc6 Rd1+ 30. Kf2 Rc1 31. Bxf6 gxf6 32. Rxf6 $2 {[%mdl 4096] Endgame KRB-KRB} (32. Bd5 Rxc6 33. bxc6) 32... Kg7 33. Rc6 ({Reject} 33. Rxb6 $6 Rxc4 34. Ra6 a4 $11) 33... Be8 34. Rc7+ $1 ({Weaker is} 34. Rxb6 Rxc4 35. Ra6 Rc2+ 36. Kg3 Bxb5 $11) 34... Kf8 {...a4 would now be nice for Black.} 35. f4 $2 (35. Ke3 $1 $16) 35... a4 $1 $15 {[%cal Ba5a4,Ba4a3,Ba3a2][%mdl 1056] Black has compensation.} 36. Ke3 a3 37. Rc8 Ke7 {Strongly threatening ...Bxb5!} 38. Kd2 a2 $1 {[%cal Ra2a1]} 39. Rxe8+ $1 Kxe8 40. Bxa2 $11 {KR-KB} Rg1 41. Bd5 Rxg2+ {[%mdl 64] Double Attack} 42. Ke3 $1 Rxh2 43. e5 $2 {[#]} (43. f5 $1 $11 {and White is okay.}) 43... Rh3+ $2 (43... h4 $1 $19 44. Kf3 Rd2 45. Bc6+ Ke7) 44. Ke4 $2 {[%mdl 8192] [#]} (44. Bf3 $11) 44... Rh1 $2 ({Black should play} 44... h4 $1 $19 {White must now prevent ...Rc3.} 45. Bc6+ Kf7 46. Bd5+ Kf8) 45. f5 $1 {The position is equal.} Re1+ 46. Kf4 h4 {aiming for ...h3.} 47. f6 {Threatens to win with e6.} h3 48. e6 $1 h2 49. Bc6+ Kf8 50. Kf5 Rf1+ (50... h1=Q $5 51. e7+ $8 Kf7 52. e8=Q+ Rxe8 53. Bxh1 Re2 54. Bd5+ Kf8 $11) 51. Ke5 {Threatening mate with e7+.} Re1+ 52. Kd6 {And now Bd5 would win.} h1=Q 53. e7+ Kf7 {( -> ...Qh2+)} 54. e8=Q+ Rxe8 55. Bxh1 Kxf6 56. Kc7 Re5 57. Bc6 Rxb5 58. Bxb5 Ke5 59. Kxb6 {White used his chance. Accuracy: White = 79%, Black = 69%.} 1/2-1/2